| 000 | 00679nam a2200217 a 4500 | ||
|---|---|---|---|
| 999 |
_c6313 _d6313 |
||
| 001 | 6313 | ||
| 003 | BD-JhCC | ||
| 005 | 20180310180019.0 | ||
| 008 | 180121b xxu||||| |||| 00| 0 eng d | ||
| 035 | _a(BD-JhCC)6313 | ||
| 040 |
_aBD-JhCC _dBD-JhCC |
||
| 041 | _aeng | ||
| 082 |
_a297 _bJAF 1977 |
||
| 100 | _aআজফর, মোহাম্মদ | ||
| 245 |
_aজীবন সমস্যার সমাধানে ইসলাম / _cমোহাম্মদ আজফর |
||
| 260 |
_aঢাকা : _bইসলামিক ফাউন্ডেশন বাংলাদেশ, _c1977. |
||
| 300 | _a192 p. : | ||
| 650 | _aIslam | ||
| 942 |
_2ddc _cBK |
||